书目信息 |
| 题名: |
四书全译
|
|
| 作者: | 思履 , 文若愚 注译 | |
| 分册: | ||
| 出版信息: | 北京 民主与建设出版社 2019.11 |
|
| 页数: | 591页 | |
| 开本: | 22cm | |
| 丛书名: | ||
| 单 册: | ||
| 中图分类: | B222.14 | |
| 科图分类: | ||
| 主题词: | 四书--si shu--译文 , 儒家--ru jia | |
| 电子资源: | ||
| ISBN: | 978-7-5139-2541-9 | |
| 000 | 00796nam0 2200253 450 | |
| 001 | CAL 0120202989387 | |
| 005 | 20230217093112.0 | |
| 010 | @a978-7-5139-2541-9@dCNY78 | |
| 100 | @a20200507d2019 em y0chiy0120 ea | |
| 101 | 0 | @achi |
| 102 | @aCN@b110000 | |
| 105 | @ay z 000yy | |
| 106 | @ar | |
| 200 | 1 | @a四书全译@Asi shu quan yi@f思履, 文若愚注译 |
| 210 | @a北京@c民主与建设出版社@d2019.11 | |
| 215 | @a591页@d22cm | |
| 330 | @a《四书》指的是《大学》、《中庸》、《论语》、《孟子》四部儒家典籍。本书每篇文章均由“原文”、“注释”和“今译”三部分构成。 | |
| 606 | 0 | @a四书@Asi shu@x译文 |
| 606 | 0 | @a儒家@Aru jia |
| 690 | @aB222.14@v5 | |
| 701 | 0 | @a思履@Asi lu^@4注译 |
| 701 | 0 | @a文若愚@Awen ruo yu@4注译 |
| 801 | 0 | @aCN@bBJXHZP@c20230228 |
| 905 | @b1401952-4@dB222.14@e1059@f3 | |
| 四书全译/思履, 文若愚注译.-北京:民主与建设出版社,2019.11 |
| 591页;22cm |
| ISBN 978-7-5139-2541-9:CNY78 |
| 《四书》指的是《大学》、《中庸》、《论语》、《孟子》四部儒家典籍。本书每篇文章均由“原文”、“注释”和“今译”三部分构成。 |
| ● |
| 相关链接 |
|
|
|
|
正题名:四书全译
索取号:B222.14/1059
 
预约/预借
| 序号 | 登录号 | 条形码 | 馆藏地/架位号 | 状态 | 备注 |
| 1 | 1401952 | 214019523 | 第一样本阅览室/ [索取号:B222.14/1059] | 在馆 | |
| 2 | 1401953 | 214019532 | 第一借阅区/ [索取号:B222.14/1059] | 在馆 | |
| 3 | 1401954 | 214019541 | 第一借阅区/ [索取号:B222.14/1059] | 在馆 |